Premio Literario Omar Torrijos H. 1983

Gorde:
Xehetasun bibliografikoak
Formatua: Texto
Argitaratua: Panamá: Mariano Arosemena
Etiketak: Etiketa erantsi
Etiketarik gabe, Izan zaitez lehena erregistro honi etiketa jartzen!

MARC

LEADER 00000 a a2200000 04500
001 24173
003
040
090 |a 172003  
245 |a Premio Literario Omar Torrijos H. 1983  
260 |a Panamá:   |b Mariano Arosemena  
999 |c 14188  |d 14188